00394pab a2200157 454500008004000000100001900040245005200059260000900111300001200120362000800132650002000140650001100160650001000171700002000181773003500201180718b2017 xxu||||| |||| 00| 0 eng d aChalfin, Aaron aCriminal deterrence: a review of the literature c2017 ap.5-48. aMar aPenal sanctions aPolice aCrime aMcCrary, Justin aJournal of Economic Literature